000 00912nam a22002417a 4500
005 20180622164855.0
008 100217t xxu||||| |||| 00| 0 hin d
010 _aHIN-89204
020 _a8186100318
_c200.00
035 _aHN-61550
037 _bDBAD / PUB
040 _aDPL
_bHN
082 _a822
100 _aशरद सिंह
_917417
245 _aआधी दुनिया पूरी धूपः
_cशरद सिंह
_b(साभारः आकाशवाणी) /
246 _aAadhi duniya puri dhup:
_bby Sharad Singh
_h(Sabhar : Aakashvani)/
260 _aइलाहाबाद
_bआचार्य प्रकाशन
_c2009
270 _a190बी/10, राजरूपपुर
_bइलाहाबाद
300 _a180पृ
_c22सेमी (सजिल्द)
650 _aहिन्दी नाटक
650 _aHindi drama
942 _2ddc
_cHN
_mशरद
999 _c34998
_d34998